000 00775nas a2200253 4500
001 BR8104236
003 BR-BrBNA
005 20231205084832.0
007 ta
008 230509b bl.|||p| |||| 00| 00por d
040 _aBR-BrBNA
_bpor
_cBiblioteca Nacional de Agricultura
041 _a(Pt)
072 _aF00; P12
100 1 _aSouza Filho, B.F. de
245 1 _aIrrigacao de culturas consorciadas [Feijao; Phaseolus vulgaris; Cana de acucar; Saccharum spp]
650 _aFEIJAO
650 _aCANA DE ACUCAR
650 _aCONSORCIACAO DE CULTURA
650 _aIRRIGACAO POR ASPERSAO
650 _aPLANTIO
773 0 _tLavoura (Brazil)
_xISSN 0023-9135
_g(Sep 1981), v. 84 p. 34-35
_wBR8104236
909 _a202311
_bLúcia
_c55
_dLúcia Elande
942 _2AGRIS
_n0
_cANA
999 _c107589
_d107589